zpět

Detail výsledku týmu

Pivní ambasáda, Pardubice

Datum a čas kvízu

34 Celkem bodů Celkový počet nahraných bodů na tomto kvízu bez doplňovacích otázek.
2. Pořadí na kvízu Konečné umístění týmu na tomto kvízu.

Zaznamenané odpovědi

# Otázka Odpověď Body Výsledky
1. V minulém týdnu oznámila fakul... Vysoká škola ekonomická v Praze (VŠE), používání umělé inteligence 1
2. Ve kterém evropském státě se m... v Nizozemsku 1
3. Ve čtvrtek měl premiéru americ... Ridley Scott, Joaquin Phoenix 1
4. Který výrobce nealko nápojů vs... Kofola 1
5. Německá fotbalová reprezentace... Rakousko, 2:0 0.5
6. Střední Asií budeme mít na mys... Taškent 0
7. Ač jsou některé státy Střední... 1B 2C 3D 4A 0
8. Ve kterém státě byste hledali... Turkmenistán 0
9. Napište jméno turkického vojev... Tamerlan, též Timur, Temur, Amir Temur nebo Timur Lenk 0
10. Ve kterém státě se nachází měs... Tádžikistán 1